000
00308nam a2200133Ia 4500
008
231017s9999 xx 000 0 und d
082
_a
624.176
082
_b
JIC
245
0
_a
Can you Defend yourself and your family from Disaster?
245
0
_c
JICA
260
_b
JICA
300
_c
30cm
942
_c
REP
999
_c
603837
_d
603837